000 00802nam a22001817a 4500
999 _c11817
_d11817
008 190108b ||||| |||| 00| 0 eng d
020 _a978-1-4052-5193-8
082 _22010
_aDFic
_bB390
100 _aBeddor, Frank
_933652
245 _aArch enemy/
_cFrank Beddor
260 _aLondon:
_bEgmont,
_c©2010.
300 _a412 pages ;
_c20 cm.
440 _aThe looking glass wars
_933653
520 _aThe battle for wonderland has come to a head. Imagination has been wiped from the land and even Queen Alyss has lost her powers. The Queendom hangs in the balance... Full of fantastic battle scenes, plot twists and page-turning action, this is the brilliantly imaginative final book in The Looking Glass Wars trilogy.
650 _aFICTION
_934704
365 _b190.00
_cPhp.
942 _2ddc
_cDFIC